| 000 | 00686nam a22001935i 4500 | ||
|---|---|---|---|
| 001 | 172958 | ||
| 003 | ES-MaACL | ||
| 005 | 20250921063038.0 | ||
| 008 | 090921s1865 sp |||| | spa d | ||
| 080 | _a821.134.2-92"18" | ||
| 100 | 1 |
_aSilvela, Manuel, _d1830-1892 _9141412 |
|
| 245 | 1 | 3 |
_a¡¡Sin nombre!!! / _cpor Velisla. |
| 250 | _aNueva edición que contiene varios escritos no coleccionados hasta ahora. | ||
| 260 |
_aMadrid : _b[s.n.], _c1865 ( _fImp. de la Correspondencia de España) |
||
| 300 |
_a360 p. ; _c18 cm. |
||
| 594 | _aPrecede al tít.: Biblioteca de la Correspondencia de España. | ||
| 852 |
_aES-MaACL _jC-3519 _9R.145207 |
||
| 999 |
_c172958 _d172958 |
||